A legendary force, 1st Patiala : (Record no. 592848)

000 -LEADER
fixed length control field 01499cam a2200289 a 4500
001 - CONTROL NUMBER
control field 14068099
003 - CONTROL NUMBER IDENTIFIER
control field NUST
005 - DATE AND TIME OF LATEST TRANSACTION
control field 20221229174647.0
008 - FIXED-LENGTH DATA ELEMENTS--GENERAL INFORMATION
fixed length control field 050809s2005 ii ab 001 0 eng
010 ## - LIBRARY OF CONGRESS CONTROL NUMBER
LC control number 2005385236
020 ## - INTERNATIONAL STANDARD BOOK NUMBER
International Standard Book Number 8170492467
025 ## - OVERSEAS ACQUISITION NUMBER
Overseas acquisition number I-E-2005-385236; 61-90; 62-90
037 ## - SOURCE OF ACQUISITION
Source of stock number/acquisition Library of Congress -- New Delhi Overseas Office
Terms of availability Rs495.00
040 ## - CATALOGING SOURCE
Original cataloging agency DLC
Transcribing agency DLC
042 ## - AUTHENTICATION CODE
Authentication code lcode
043 ## - GEOGRAPHIC AREA CODE
Geographic area code a-ii---
050 00 - LIBRARY OF CONGRESS CALL NUMBER
Classification number UA843.I6
Item number S535 2005
082 ## - DEWEY DECIMAL CLASSIFICATION NUMBER
Classification number 356.10954,SHO
100 1# - MAIN ENTRY--PERSONAL NAME
Personal name Shorey, Anil.
9 (RLIN) 106441
245 12 - TITLE STATEMENT
Title A legendary force, 1st Patiala :
Remainder of title 300 years of 15 Punjab (Patiala) /
Statement of responsibility, etc. Anil Shorey.
246 3# - VARYING FORM OF TITLE
Title proper/short title Legendary force, First Patiala
260 ## - PUBLICATION, DISTRIBUTION, ETC.
Place of publication, distribution, etc. New Delhi :
Name of publisher, distributor, etc. Manas Publications,
Date of publication, distribution, etc. c2005.
300 ## - PHYSICAL DESCRIPTION
Extent 235 p. :
Other physical details ill. (some col.), col. maps ;
Dimensions 23 cm.
505 ## - FORMATTED CONTENTS NOTE
Formatted contents note Origin of Modern Indian Army (Page-17), The Inception of 1st Patiala (Page-27), The Maturing (page-30), New Shape and Conquests (Page-33), 1st Patiala during World War 1 (Page-42), Between the Wars (Page-70), The Patialas in World War II (Page-73), Operation in Jammu and Kashmir (1947-48) (Page-96), After the War (Page-152), Indo-Pak War -1971 (Page-156), The Post -1971 War Era (Page-169), Battle of Dalunang (Page-172), Towords Countering the Proxy War (Page-178),In the Western Sector (Page-202), Other Fronts (Page-205), Epilogue (Page-216), Index (Page-229).
610 10 - SUBJECT ADDED ENTRY--CORPORATE NAME
Corporate name or jurisdiction name as entry element India.
Subordinate unit Army.
-- Punjab Regiment (Patiala), 15th
General subdivision History.
9 (RLIN) 106442
942 ## - ADDED ENTRY ELEMENTS (KOHA)
Source of classification or shelving scheme
Koha item type Book
Call number prefix 356.10954,SHO
Holdings
Withdrawn status Lost status Source of classification or shelving scheme Damaged status Not for loan Permanent Location Current Location Shelving location Date acquired Total Checkouts Full call number Barcode Date last seen Price effective from Koha item type Public note
          Military College of Signals (MCS) Military College of Signals (MCS) General Stacks 12/29/2022   356.10954,SHO MCS37613 12/29/2022 12/29/2022 Book Almirah No.53, Shelf No.4
© 2023 Central Library, National University of Sciences and Technology. All Rights Reserved.